Obra poética completa, i / ed., introd., trad. y notas de rafael ferreres
Guardado en:
| Autor Principal: | |
|---|---|
| Otros Autores: | |
| Formato: | Libro |
| Publicado: |
Madrid :
Fundación Juan March,
1979
|
| Materias: | |
| Etiquetas: |
Agregar Etiqueta
Sin Etiquetas, Sea el primero en etiquetar este registro!
|
| LEADER | 00714nam a22002055a 4500 | ||
|---|---|---|---|
| 001 | EHU.bham043613 | ||
| 003 | AR-BHAM | ||
| 005 | 20151116115445.0 | ||
| 008 | 130507s1979##################000#0#####d | ||
| 020 | |a 8470393219 | ||
| 082 | 8 | 6 | |a 861.3 |
| 100 | 1 | |a March, Ausias | |
| 245 | 1 | 0 | |a Obra poética completa, i / |b ed., introd., trad. y notas de rafael ferreres |c Ausias March : |
| 260 | |a Madrid : |b Fundación Juan March, |c 1979 | ||
| 300 | |a 443 p. | ||
| 653 | |a Literatura española-poesía-1440-1460 | ||
| 653 | |a Poesía española-1400-1460 | ||
| 653 | |a Poesía valenciana-1440-1460 | ||
| 700 | 1 | |a Ferreres, Rafael, ed., trad., introd. y notas | |
| 859 | |a AR-BHAM |b BIB. HUMANIDADES - General |h 861.3 |i M332 |p 431.15 |t Ej.1 |v I |3 I | ||
